000 00650nam a2200277Ia 4500
005 20260324123045.0
008 008 260324s9999 xx 000 0 eng d
020 _a9780203805022
037 _aEBOOK
040 _aCRL
040 _beng
040 _cCRL
041 _2eng
041 _aeng
084 _qCRL
100 _aSally Maynard
_91168857
245 0 _aTeaching Foreign Languages in the Primary School
260 _bTaylor and Francis
260 _c2012
365 _a
365 _b230
856 _uhttp://www.taylorfrancis.com/books/9780203805022
942 _cEBOOK
999 _c1762045
_d1762045